Mort Subite - Préfectures française Aléatoire - Statistiques

Statistiques générales
  • Ce quiz a été pris 263 fois
  • Le résultat moyen est 8 sur 17
Answers on the Grid
Answers color-coded by a green-red scale on the quiz's grid according to % correct below.
Nantes
Paris
Grenoble
Laon
Foix
Rodez
Quimper
Auch
Le Puy-en-Velay
Mende
Laval
Bar-le-Duc
Mâcon
Melun
Amiens
Saint-Denis
Castres
Meaux
Brest
Bayonne
Lens
Dunkerque
Lorient
Verdun
Dax
Saint-Malo
Arcachon
Guéret
Aix-en-Provence
Sedan
Briançon
Vichy
Mulhouse
Les Sables-d'Olonne
Pointe-à-Pitre
 
Statistiques - réponses
Réponse % Correct
Nantes
65%
Paris
65%
Grenoble
58%
Amiens
49%
Laval
49%
Foix
48%
Le Puy-en-Velay
47%
Quimper
46%
Rodez
43%
Auch
42%
Laon
42%
Bar-le-Duc
39%
Mende
39%
Guéret
38%
Saint-Denis
37%
Melun
36%
Mâcon
35%
Aucun quiz correspondant
Distribution des résultats
% des personnes avec chaque résultat
Percentile par nombre de réponses
Votre historique - résultats
Vous n’avez pas pris ce quiz